Road toll trials. (Record no. 61486)

MARC details
000 -LEADER
fixed length control field 00739cam a2200193 4500
001 - CONTROL NUMBER
control field WB3525-27
008 - FIXED-LENGTH DATA ELEMENTS--GENERAL INFORMATION
fixed length control field 000000n1999 000 0 eng u
035 ## - SYSTEM CONTROL NUMBER
System control number (Sirsi) u102474
245 ## - TITLE STATEMENT
Title Road toll trials.
260 ## - PUBLICATION, DISTRIBUTION, ETC.
Date of publication, distribution, etc. 1999
490 ## - SERIES STATEMENT
Series statement Yorkshire Post
Volume/sequential designation 28 June 1999, 1 & 3
490 ## - SERIES STATEMENT
Series statement Financial Times
Volume/sequential designation 29 June 1999, 10(3)
520 ## - SUMMARY, ETC.
Summary, etc. Edinburgh and Leeds are to be the first 2 cities to try out the controversial new electronic road tolling equipment. Vehicles will carry smart cards that trigger electronic road-side toll gates as they pass. Charges are not expected to be introduced before 2005.
650 ## - SUBJECT ADDED ENTRY--TOPICAL TERM
Topical term or geographic name entry element ROAD TOLLS
650 ## - SUBJECT ADDED ENTRY--TOPICAL TERM
Topical term or geographic name entry element EDINBURGH
650 ## - SUBJECT ADDED ENTRY--TOPICAL TERM
Topical term or geographic name entry element LEEDS
690 ## - LOCAL SUBJECT ADDED ENTRY--TOPICAL TERM (OCLC, RLIN)
Topical term or geographic name as entry element TRANSPORT AND COMMUNICATIONS
942 ## - ADDED ENTRY ELEMENTS (KOHA)
Suppress in OPAC 0
Holdings
Withdrawn status Lost status Source of classification or shelving scheme Damaged status Not for loan Home library Current library Shelving location Date acquired Total Checkouts Full call number Barcode Date last seen Copy number Price effective from Koha item type
    Dewey Decimal Classification     London London News article 22/11/1999   WB3525-27 102474-1001 06/08/2019 1 06/08/2019 News article